Bologna Guglielmo Marconi Airport Destinations (Bologna, Italy) - Statistics

General Stats
  • This quiz has been taken 170 times
    96 since last reset
  • The average score is 76 of 101
Answer Stats
Airline Destination % Correct
British Airways London (Heathrow)
98%
Ryanair London (Luton)
98%
Ryanair London (Stansted)
98%
Iberia/Ryanair Madrid
98%
Air France Paris (Charles de Gaulle)
98%
Air Cairo Cairo
97%
Emirates Dubai (International)
97%
Turkish Airlines Istanbul
97%
Pegasus Airlines Istanbul (Sabiha Gokcen)
97%
Ryanair/Scandinavian Airlines Stockholm (Arlanda)
97%
KLM Amsterdam
95%
Aegean Airlines/Ryanair Athens
95%
Ryanair/Vueling Barcelona
95%
Brussels Airlines Brussels
95%
Ryanair/TAP Air Portugal Lisbon
95%
Norwegian Air Shuttle Oslo
95%
Austrian Airlines/Ryanair Vienna
95%
Ryanair/Wizz Air Bucharest
94%
Norwegian Air Shuttle/Ryanair/Scandinavian Airlines Copenhagen
94%
Ryanair Dublin
94%
Air Dolomiti/Lufthansa Frankfurt
94%
Finnair Helsinki
94%
Swiss International Air Lines Zurich
94%
Ryanair Berlin
92%
Ryanair Budapest
92%
Air Dolomiti Munich
92%
Air Arabia/Royal Air Maroc Casablanca
90%
Ryanair Edinburgh
89%
Ryanair Manchester
89%
Ryanair Palermo
89%
Ryanair Porto
89%
ITA Airways Rome (Fiumicino)
89%
Ryanair/Wizz Air Warsaw (Chopin)
89%
Ryanair Bari
87%
Air Serbia Belgrade
87%
Air Albania/Ryanair/Wizz Air Tirana
87%
Neos/Ryanair Cagliari
86%
Eurowings/Ryanair Cologne/Bonn
86%
Luxair Luxembourg
86%
Ryanair Marseille
86%
Air Nostrum/Ryanair Palma de Mallorca
86%
Ryanair Prague
86%
Eurowings Dusseldorf
84%
Ryanair/Wizz Air Krakow
84%
Ryanair/Wizz Air Sofia
84%
Tunisair Tunis
84%
Ryanair Valencia
84%
Air Moldova/HiSky/Wizz Air Chisinau
83%
TUI fly Belgium Marrakech
83%
Neos/Ryanair Ibiza
81%
Twin Jet Lyon
79%
Ryanair Malta
79%
Ryanair/Wizz Air Catania
78%
Ryanair Corfu
78%
Ryanair Malaga
78%
Ryanair Seville
78%
Georgian Airways Tbilisi
78%
Neos/Ryanair Tenerife (South)
78%
Neos/Ryanair Heraklion
76%
Air Cairo Luxor
76%
Neos/Ryanair/Volotea Olbia
75%
Neos/Ryanair Rhodes
75%
Ryanair Alicante
73%
Ryanair Brindisi
71%
Ryanair Thessaloniki
71%
Ryanair Wroclaw
71%
Wizz Air Cluj-Napoca
70%
Ryanair Gran Canaria
70%
Neos/Ryanair Menorca
67%
Air Cairo/Neos Sharm El Sheikh
65%
Wizz Air Skopje
63%
Ryanair Chania
62%
Ryanair Toulouse
62%
Neos/Ryanair Fuerteventura
60%
Neos/Ryanair Kos
60%
Ryanair Lanzarote
60%
Neos/Ryanair Mykonos
60%
Ryanair Charleroi
59%
Ryanair/Transavia Eindhoven
59%
Ryanair Fes
59%
Wizz Air Iasi
59%
Ryanair Tel Aviv
59%
Ryanair Lamezia Terme
57%
Neos Marsa Alam
57%
Ryanair Zadar
57%
Ryanair Alghero
54%
Ryanair Trapani
52%
Ryanair Amman (Queen Alia)
51%
Ryanair Beauvais
49%
Ryanair Paphos
49%
Wizz Air Timisoara
48%
Ryanair Preveza/Lefkada
41%
Ryanair Reggio Calabria
40%
Ryanair Zaragoza
40%
Dan Air Bacau
38%
Wizz Air Craiova
38%
Ryanair Crotone
35%
Ryanair Santander
35%
Ryanair Santiago de Compostela
30%
Neos Karpathos
27%
AeroItalia Comisco
5%
No matching quizzes found
Score Distribution
Percent of People with Each Score
Percentile by Number Answered
Your Score History
You have not taken this quiz since the last reset